Managerial cost accounting and analysis: text, problems, and cases (Record no. 82508)
[ view plain ]
| 000 -LEADER | |
|---|---|
| fixed length control field | 01126nam a2200205 a 4500 |
| 008 - FIXED-LENGTH DATA ELEMENTS--GENERAL INFORMATION | |
| fixed length control field | 120416s1962 ||||||||||||||||| || u |
| 050 ## - LIBRARY OF CONGRESS CALL NUMBER | |
| Classification number | HF 5686.C8 Nic |
| 100 ## - MAIN ENTRY--PERSONAL NAME | |
| Personal name | Nickerson, Clarence B |
| 245 10 - TITLE STATEMENT | |
| Title | Managerial cost accounting and analysis: text, problems, and cases |
| 250 ## - EDITION STATEMENT | |
| Edition statement | 2nd.ed |
| 260 ## - PUBLICATION, DISTRIBUTION, ETC. | |
| Place of publication, distribution, etc. | New York |
| Name of publisher, distributor, etc. | McGraw-Hill |
| Date of publication, distribution, etc. | 1962 |
| 300 ## - PHYSICAL DESCRIPTION | |
| Extent | xvi, 644p. : ill |
| 350 ## - | |
| -- | 0.00 |
| 650 #0 - SUBJECT ADDED ENTRY--TOPICAL TERM | |
| Topical term or geographic name entry element | ACCOUNTING--HANDBOOKS, MANUALS, ETC |
| 650 #0 - SUBJECT ADDED ENTRY--TOPICAL TERM | |
| Topical term or geographic name entry element | COST ACCOUNTING |
| 995 ## - | |
| -- | ANNEX COLLECTION (Main Library) |
| -- | 0.00 |
| -- | 721958 |
| -- | CBU-MAIN LIBRARY (Kitwe) |
| -- | 1 |
| -- | 42.95 |
| -- | HF 5686.C8 Nic |
| -- | 3 |
| -- | AVAILABLE |
| -- | 006907 |
| -- | Annex Low-Usage Collection |
| 995 ## - | |
| -- | ANNEX COLLECTION (Main Library) |
| -- | 0.00 |
| -- | 703714 |
| -- | CBU-MAIN LIBRARY (Kitwe) |
| -- | 2 |
| -- | 42.95 |
| -- | HF 5686.C8 Nic |
| -- | 1 |
| -- | AVAILABLE |
| -- | 006905 |
| -- | Annex Low-Usage Collection |
| 995 ## - | |
| -- | MAIN LIBRARY OPEN ACCESS |
| -- | 0.00 |
| -- | 090935 |
| -- | CBU-MAIN LIBRARY (Kitwe) |
| -- | 4 |
| -- | 42.95 |
| -- | HF 5686.C8 Nic |
| -- | 4 |
| -- | AVAILABLE |
| -- | 006908 |
| -- | Main Library Open Access Collection |
| 995 ## - | |
| -- | ANNEX COLLECTION (Main Library) |
| -- | 0.00 |
| -- | 706356 |
| -- | CBU-MAIN LIBRARY (Kitwe) |
| -- | 3 |
| -- | 42.95 |
| -- | HF 5686.C8 Nic |
| -- | 2 |
| -- | AVAILABLE |
| -- | 006906 |
| -- | Annex Low-Usage Collection |
| 999 ## - | |
| -- | 82508 |
| -- | 82508 |
| Withdrawn status | Lost status | Source of classification or shelving scheme | Damaged status | Not for loan | Permanent Location | Current Location | Shelving location | Date acquired | Total Checkouts | Full call number | Barcode | Date last seen | Copy number | Price effective from | Koha item type |
|---|---|---|---|---|---|---|---|---|---|---|---|---|---|---|---|
| CBU-MAIN LIBRARY, KITWE. | CBU-MAIN LIBRARY, KITWE. | 09/29/2023 | HF 5686.C8 Nic | 006907 | 09/29/2023 | 1 | 09/29/2023 | MONOGRAPH | |||||||
| Withdrawn | CBU-MAIN LIBRARY, KITWE. | CBU-MAIN LIBRARY, KITWE. | 09/29/2023 | HF 5686.C8 Nic | 006905 | 09/29/2023 | 2 | 09/29/2023 | MONOGRAPH | ||||||
| CBU-MAIN LIBRARY, KITWE. | CBU-MAIN LIBRARY, KITWE. | 09/29/2023 | HF 5686.C8 Nic | 006908 | 09/29/2023 | 3 | 09/29/2023 | MONOGRAPH | |||||||
| Withdrawn | CBU-MAIN LIBRARY, KITWE. | CBU-MAIN LIBRARY, KITWE. | 09/29/2023 | HF 5686.C8 Nic | 006906 | 09/29/2023 | 4 | 09/29/2023 | MONOGRAPH |